Разработка составов и технологии изготовления керамических материалов с использованием мелкочешуйчатой слюды ГОКа "Мамслюда": Заключительный отчет о НИР; Тема: х/д 5-40/84

Dades bibliogràfiques
Autor corporatiu: Томский политехнический институт (ТПИ) (595)
Altres autors: Верещагин В. И. Владимир Иванович (руководитель), Погребенков В. М. (исполнитель)
Sumari:Передано в Государственный архив Томской области
Idioma:rus
Publicat: Томск, 1987
Matèries:
Format: MixedMaterials Llibre
KOHA link:https://koha.lib.tpu.ru/cgi-bin/koha/opac-detail.pl?biblionumber=153831

MARC

LEADER 00000nbm0a2200000 4500
001 153831
005 20240207092617.0
029 0 0 |a SU  |b 0184006796  |f ТПУ 
035 |a (RuTPU)RU\TPU\book\166876 
090 |a 153831 
100 |a 20090217d1987 k y0rusy50 ca 
101 0 |a rus 
102 |a RU 
105 |a a p 001zy 
200 1 |a Разработка составов и технологии изготовления керамических материалов с использованием мелкочешуйчатой слюды ГОКа "Мамслюда"  |e Заключительный отчет о НИР  |e Тема: х/д 5-40/84  |f Томский политехнический институт (ТПИ) ; руководитель В. И. Верещагин ; В. М. Погребенков 
210 |a Томск  |d 1987 
215 |a 146 л. 
320 |a Библиогр.: с. 144-146. 
333 |a Передано в Государственный архив Томской области 
610 1 |a труды учёных ТПУ 
702 1 |a Верещагин  |b В. И.  |c химик-технолог  |c профессор Томского политехнического университета, доктор технических наук  |f 1942-  |g Владимир Иванович  |3 (RuTPU)RU\TPU\pers\19774  |4 673  |9 7712 
702 1 |a Погребенков  |b В. М.  |4 677 
712 0 2 |a Томский политехнический институт (ТПИ)  |c (1944-1991)  |3 (RuTPU)RU\TPU\col\1123  |4 595 
801 1 |a RU  |b 63413507  |c 20090217  |g PSBO 
801 2 |a RU  |b 63413507  |c 20171107  |g RCR 
942 |c BK